| 000 | 00983cam a22001935a 4500 | ||
|---|---|---|---|
| 001 | L155476 | ||
| 008 | 120326s1805 xxk f 000 0 eng d | ||
| 035 | _a(Sirsi) u155476 | ||
| 041 | 0 | _aeng | |
| 100 | 1 |
_aStephenson, William _dfl. 1805-1810 |
|
| 245 | 0 | 4 |
_aThe system of land surveying at present adopted by surveyors and commissioners in old and new inclosures, conducted as an actual survey, on a plan consisting of open fields, ings, common and old inclosure ... _bTo which are added rules, shewing in what manner lines may be measured ... taking distances ... surveying large towns, cities, &c. ... |
| 260 |
_aLondon _bprinted for H.D. Symonds _c1805 _f(Knight and Compton [printer] |
||
| 300 |
_axii, 104 p., [21] leaves of plates _bill. _c25cm. _c4o |
||
| 520 | _aSome of the plates are folded and some are printed on both sides. | ||
| 583 |
_aCondition reviewed _c20120620 _lcondition level 4 |
||
| 651 | 4 |
_aGreat Britain _y1707- |
|
| 690 |
_aMeasurement _96256 |
||
| 942 | _n0 | ||
| 999 |
_c113589 _d113589 |
||